Vegetarianism and salvation: Analytical interpretation of Ellen G. White's writing / (Record no. 25134)

MARC details
000 -LEADER
fixed length control field 00672nam a22001937a 4500
003 - CONTROL NUMBER IDENTIFIER
control field AUA.1
005 - DATE AND TIME OF LATEST TRANSACTION
control field 20251118172258.0
008 - FIXED-LENGTH DATA ELEMENTS--GENERAL INFORMATION
fixed length control field 250701b |||||||| |||| 00| 0 eng d
040 ## - CATALOGING SOURCE
Transcribing agency JTL
100 ## - MAIN ENTRY--PERSONAL NAME
Personal name Banda, Croud Chimphonda
245 ## - TITLE STATEMENT
Title Vegetarianism and salvation: Analytical interpretation of Ellen G. White's writing /
Statement of responsibility, etc Croud Chimphonda Banda.
260 ## - PUBLICATION, DISTRIBUTION, ETC. (IMPRINT)
Date of publication, distribution, etc c2024
300 ## - PHYSICAL DESCRIPTION
Extent v, 75 leaves :
Other physical details Illustrations :
Dimensions 30cm.
600 ## - SUBJECT ADDED ENTRY--PERSONAL NAME
Personal name White, Ellen G.
650 ## - SUBJECT ADDED ENTRY--TOPICAL TERM
Topical term or geographic name as entry element Salvation
Form subdivision Christianity
9 (RLIN) 25161
650 ## - SUBJECT ADDED ENTRY--TOPICAL TERM
Topical term or geographic name as entry element Salvation
Form subdivision Seventh-Day Adventists
650 ## - SUBJECT ADDED ENTRY--TOPICAL TERM
Topical term or geographic name as entry element Vegetarianism
Form subdivision Religious aspects
General subdivision Christianity
942 ## - ADDED ENTRY ELEMENTS (KOHA)
Source of classification or shelving scheme AUA Inhouse Classification
Koha item type Thesis
Classification part MABTS
Item part .B36 2024
Holdings
Withdrawn status Lost status Source of classification or shelving scheme Damaged status Not for loan Collection code Home library Current library Shelving location Date acquired Source of acquisition Cost, normal purchase price Serial Enumeration / chronology Total Checkouts Full call number Barcode Date last seen Cost, replacement price Price effective from Koha item type
    Library of Congress Classification     JTL Research Collection Judith Thomas Library Judith Thomas Library Judith Thomas Library Research Section 01/07/2025 Theological Seminary 25.00 AUA27894   MABTS .B36 2024 AUA27894 01/07/2025 25.00 01/07/2025 Thesis